zpět

Detail výsledku týmu

Restaurace Ostrov, Písek

Datum a čas kvízu

31.5 Celkem bodů Celkový počet nahraných bodů na tomto kvízu bez doplňovacích otázek.
4. Pořadí na kvízu Konečné umístění týmu na tomto kvízu.

Zaznamenané odpovědi

# Otázka Odpověď Body Výsledky
1. Ve středu se uskutečnilo letoš... Jablonec nad Nisou 0
2. Humanoidní robot Muhammad na v... osahával ženu 1
3. Minulý týden byla přidána na... berlínské techno 1
4. Automobilka Škoda představila... Epiq 1
5. K zajímavému hecování došlo v... pizzu s ananasem 0
6. Téma začneme v Evropě. Seřaďte... 1A 2D 3C 4B 0
7. V souvislosti s Che Guevarou s... v Argentině 1
8. Které z těchto zvířat nežije p... A 0
9. Celkově kolikátou nejlidnatějš... 4. nejlidnatější 1
10. Jak se jmenuje ostrovní stát,... Maledivy 0